000 01073cam a2200265 i 4500
003 SA-RiAUC
005 20250713120934.0
008 250711q19001999||| g 00000bara c
040 _aSA-JeALM
_bara
_cSA-RiAUC
_erda
041 1 _aara
_hund
082 0 4 _a921.92
090 _a921.92
_bا ف ل
100 0 _aأفلاطون،
_d427-347 قبل الميلاد
_eمؤلف.
245 1 0 _aآخر أيام سقراط /
_cتأليف أفلاطون ؛ ترجمة أحمد الشيباني.
264 1 _a[مكان النشر غير محدد] :
_bشركة دار العلم للطباعة والنشر،
_c[بين 1900 و1999].
300 _a289 صفحة ؛
_c20 سم
336 _aنص
_btxt
_2rdacontent
_3كتاب
337 _aبدون وسيط
_bn
_2rdamedia
338 _aمجلد
_bnc
_2rdacarrier
600 0 7 _aسقراط،
_d469-399 قبل الميلاد
_2aucnm
650 7 _aالفلاسفة اليونانيون
_vتراجم
_2aucsh
700 1 _aالشيباني، أحمد،
_d1923-1995
_eمترجم.
942 _2ddc
_cBOOK
_n0
949 _aSA-JeALM
_d250711
_uosman123
_n1
999 _c9877
_d9877